Pular para o conteúdo

Архитектура зданий Учебник

Приведены общие сведения о зданиях. Рассмотрены конструкции и типы гражданских зданий даны понятия о проектировании гражданских промышленных и сельскохозяйственных зданий а также зданий в условиях реконструкции. Для студентов обучающихся по направлению 07.02.01 «Архитектура»....

ver descrição completa

Na minha lista:
Detalhes bibliográficos
Autor principal: Вильчик Н.П
Formato: Учебник
Edição:2
coleção:Среднее профессиональное образование
Acesso em linha:https://znanium.ru/catalog/document?id=458045
https://znanium.ru/cover/2184/2184816.jpg
Tags: Adicionar Tag
Sem tags, seja o primeiro a adicionar uma tag!
LEADER 02111nam0a2200349 i 4500
001 RU\infra-m\znanium\bibl\2184816
003 https://znanium.ru/catalog/document?id=458045
005 20250625000000.0
010 |a 978-5-16-004279-4 
010 |a 978-5-16-100455-5  |b электр. издание 
100 |a 20250625d2024 m y0rusy0150 ca 
101 0 |a rus 
102 |a RU 
200 1 |a Архитектура зданий  |e Учебник 
205 |a 2  |b перераб. и доп. 
210 1 |a Москва  |c ООО "Научно-издательский центр ИНФРА-М"  |d 2025 
215 |a 319 с. 
225 1 |a Среднее профессиональное образование 
330 |a Приведены общие сведения о зданиях. Рассмотрены конструкции и типы гражданских зданий даны понятия о проектировании гражданских промышленных и сельскохозяйственных зданий а также зданий в условиях реконструкции. Для студентов обучающихся по направлению 07.02.01 «Архитектура». 
333 |a Среднее профессиональное образование 
606 |a Архитектура. Искусство  |x Архитектура гражданских и промышленных зданий  |2 local 
608 |a Учебник  |2 local 
675 |a 72(075.32)  |z rus 
686 |a 85.11я723  |2 rubbk 
686 |a 07.02.01  |2 okso 
686 |a 08.02.01  |2 okso 
686 |a 08.02.15  |2 okso 
686 |a 20.01.01  |2 okso 
700 1 |a Вильчик  |b Н.П.  |g Надежда Петровна 
801 0 |a RU  |b Общество с ограниченной ответственностью «ЗНАНИУМ»  |c 20241115  |2 rusmarc 
856 4 |a znanium.ru  |m ebs_support@infra-m.ru  |n НИЦ ИНФРА-М  |u https://znanium.ru/catalog/document?id=458045 
856 4 1 |a znanium.ru  |d /cover/2184  |f 2184816.jpg  |q image/jpeg  |u https://znanium.ru/cover/2184/2184816.jpg